| 000 | 00761nam a2200277Ia 4500 | ||
|---|---|---|---|
| 003 | OSt | ||
| 005 | 20221006144540.0 | ||
| 006 | a|||||r|||| 00| 0 | ||
| 007 | ta | ||
| 008 | 221006b |||||||| |||| 00| 0 eng d | ||
| 020 |
_aB0007IVHSY _c30.00 |
||
| 024 | _a11,950 | ||
| 037 | _cTextual | ||
| 040 |
_aEASL _cEASL _beng |
||
| 041 |
_2eng _aeng |
||
| 082 | _aV241:(Z).N65, K7 | ||
| 100 |
_aRao H. S. Gururaj _9272325 |
||
| 245 | 0 | _aLegal aspects of the Kashmir problem | |
| 260 |
_aBombay _bAsia Pub. India _c1967 |
||
| 300 |
_a379p. _ccm. |
||
| 490 | _v Gen | ||
| 650 | _a Gen | ||
| 650 |
_aIndia - Kashmir problem - Legal aspect _9652237 |
||
| 942 |
_hV241:(Z).N65, K7 _cTEXL _2CC |
||
| 999 |
_c1080036 _d1080036 |
||